00496nam a2200157Ia 450000500170000000800410001704100080005808200160006610000290008224500310011126000340014230000080017665000200018499900190020495201150022320250729165800.0250729s2017 xx 000 0 und d aeng a420.50 BASP aBasava Lapur V.M9232885 aProverbs with Explanations aGadagbBasava Prakashanc2017 a88p aEnglish9232886 c240005d240005 00104070aALbALd2025-07-29eManagement Bookl0o420.50 BASPpBED05324r2025-07-29 16:58:00w2025-07-29yBK